Vista normal
Vista MARC
Entrada Materia (personas)
Número de registros utilizados en: 1
001 - CONTROL NUMBER
- control field: 75932
003 - CONTROL NUMBER IDENTIFIER
- control field: Co-BoUCM
005 - DATE AND TIME OF LATEST TRANSACTION
- control field: 20160301102953.0
008 - FIXED-LENGTH DATA ELEMENTS
- fixed length control field: 160301|| aca||aabn | a|a d
040 ## - CATALOGING SOURCE
- Original cataloging agency: Co-BoUCM
- Transcribing agency: Co-BoUCM
100 ## - HEADING--PERSONAL NAME
- Personal name: Feliú Cruz, Guillermo
- Titles and other words associated with a name: 1900-1973
670 ## - SOURCE DATA FOUND
- Source citation: Work cat.: (Co-BoUCM): Collier, William Miller, 1867-1956 75930, La primera misión de los Estados Unidos de América en Chile, 1926